| 000 | 00636nam a2200181Ia 4500 | ||
|---|---|---|---|
| 008 | 151202s9999||||xx |||||||||||||| ||und|| | ||
| 082 | _bPNVM-45605 | ||
| 100 | _aकामत विठ्ठल. | ||
| 245 | _a"इडली,आर्किड आणि मी." | ||
| 260 | _bमॅजेस्टिक प्रक ाशन मुंबई. | ||
| 260 | _c2004 | ||
| 300 | _a195 | ||
| 600 | _aकामत विठ्ठल. | ||
| 630 | _a"इडली,आर्किड आणि मी." | ||
| 700 | _aकामत विठ्ठल. | ||
| 730 | _a"इडली,आर्किड आणि मी." | ||
| 942 | _cBOOK | ||
| 999 |
_c1311556 _d1311553 |
||